<?xml version="1.0" encoding="UTF-8"?>
<record
    xmlns:xsi="http://www.w3.org/2001/XMLSchema-instance"
    xsi:schemaLocation="http://www.loc.gov/MARC21/slim http://www.loc.gov/standards/marcxml/schema/MARC21slim.xsd"
    xmlns="http://www.loc.gov/MARC21/slim">

  <leader>00372nam a22001217a 4500</leader>
  <datafield tag="082" ind1=" " ind2=" ">
    <subfield code="a">340.59 QUR</subfield>
  </datafield>
  <datafield tag="100" ind1=" " ind2=" ">
    <subfield code="a">Qureshi, Khurram Amir</subfield>
  </datafield>
  <datafield tag="245" ind1=" " ind2=" ">
    <subfield code="a">Assignments on Islamic Jurisprudence /</subfield>
    <subfield code="c">Khurram Amir Qureshi</subfield>
  </datafield>
  <datafield tag="260" ind1=" " ind2=" ">
    <subfield code="a">Lahore :</subfield>
    <subfield code="b">University Book Corner,</subfield>
    <subfield code="c">N.D.</subfield>
  </datafield>
  <datafield tag="300" ind1=" " ind2=" ">
    <subfield code="a">212 p. ;</subfield>
    <subfield code="c">23 cm.</subfield>
  </datafield>
  <datafield tag="942" ind1=" " ind2=" ">
    <subfield code="2">ddc</subfield>
    <subfield code="c">BK</subfield>
  </datafield>
  <datafield tag="999" ind1=" " ind2=" ">
    <subfield code="c">586000</subfield>
    <subfield code="d">586000</subfield>
  </datafield>
  <datafield tag="952" ind1=" " ind2=" ">
    <subfield code="0">0</subfield>
    <subfield code="1">0</subfield>
    <subfield code="2">ddc</subfield>
    <subfield code="4">0</subfield>
    <subfield code="6">340_590000000000000_QUR</subfield>
    <subfield code="7">0</subfield>
    <subfield code="9">573469</subfield>
    <subfield code="a">NLS</subfield>
    <subfield code="b">NLS</subfield>
    <subfield code="c">LAW</subfield>
    <subfield code="d">2021-07-19</subfield>
    <subfield code="l">1</subfield>
    <subfield code="o">340.59 QUR</subfield>
    <subfield code="p">CL-582</subfield>
    <subfield code="r">2022-02-10</subfield>
    <subfield code="s">2022-01-31</subfield>
    <subfield code="w">2021-07-19</subfield>
    <subfield code="y">BK</subfield>
  </datafield>
  <datafield tag="952" ind1=" " ind2=" ">
    <subfield code="0">0</subfield>
    <subfield code="1">0</subfield>
    <subfield code="2">ddc</subfield>
    <subfield code="4">0</subfield>
    <subfield code="6">340_590000000000000_QUR</subfield>
    <subfield code="7">0</subfield>
    <subfield code="9">574432</subfield>
    <subfield code="a">NLS</subfield>
    <subfield code="b">NLS</subfield>
    <subfield code="c">LAW</subfield>
    <subfield code="d">2021-10-28</subfield>
    <subfield code="e">Federal Law House</subfield>
    <subfield code="l">1</subfield>
    <subfield code="o">340.59 QUR</subfield>
    <subfield code="p">CL-662</subfield>
    <subfield code="r">2022-05-23</subfield>
    <subfield code="s">2022-01-31</subfield>
    <subfield code="w">2021-10-28</subfield>
    <subfield code="y">BK</subfield>
  </datafield>
</record>
